000
00267nam a22001097a 4500
082
_a
415/SIN
100
_a
Singh, Neetu
_9
66897
245
_a
English for general competitions (Vol-1)
260
_a
Delhi
_b
KD Publication
_c
2023
650
_a
English Grammer
942
_c
BK
999
_c
66230
_d
66230